Statistics for Ultimate Car Logos Quiz

Click here to take the quiz!

General Stats

  • This quiz has been taken 6,768 times
    (4,467 since last reset)
  • The average score is 44 of 62

Answer Stats

Answer% Correct
Ford
100%
Toyota
99%
Honda
98%
BMW
97%
Nissan
94%
Hyundai
94%
Volkswagen
94%
Audi
93%
Ferrari
93%
Kia
92%
Mercedes Benz
92%
Jaguar
91%
Bugatti
91%
Chevrolet
91%
Lexus
89%
Tesla
89%
Land Rover
88%
Porsche
88%
Bentley
86%
Mitsubishi
86%
GMC
86%
Lamborghini
86%
Lotus
85%
Mazda
84%
Subaru
83%
RAM
82%
Volvo
82%
Suzuki
81%
Aston Martin
79%
Lancia
78%
Mini Cooper
77%
Mustang
76%
Rolls Royce
75%
Alfa Romeo
74%
Cadillac
73%
FIAT
72%
INFINITI
71%
Peugeot
70%
Corvette
69%
Citroën
68%
Maserati
67%
Renault
66%
Škoda
66%
Seat
64%
Acura
60%
Opel
59%
Lincoln
58%
Buick
56%
Shelby
56%
Pontiac
43%
Vauxhall
41%
Saab
41%
Smart
40%
Scion
40%
McLaren
36%
Abarth
36%
Koenigsegg
32%
Maybach
32%
Saturn
31%
Daewoo
28%
Holden
25%
Mercury
25%

Score Distribution

Percentile by Number Answered

Percent of People with Each Score

Your Score History

You have not taken this quiz since the last reset